000 01357nam a2200253Ia 4500
999 _c56555
_d56555
001 23669
003 GE_BSU
005 20191029163449.0
008 181216s2018||||ge |||||||||||||| ||geo||
020 _a9789941959707
041 _ageo
080 _a339(075.8)+311 ა-88
100 _aასლამაზიშვილი, ნანა.
_95084
245 _aსაერთაშორისო ეკონომიკური ურთიერთობების სტატისტიკა :
_bდამხმარე სახელმძღვანელო /
_cნანა ასლამაზიშვილი ; სიმონ გელაშვილი ; რედ : მაია მინდორაშვილი .
260 _aთბილისი
264 _aთბილისი :
_bკალმოსანი,
_c2018.
300 _a234 გვ. :
_bცხრ. ;
_c29 სმ.
504 _aბიბლიოგრ.: გვ. 205-207.
541 _h17ლ. 50თ.
653 _aსაერთაშორისო ეკონომიკური ურთიერთობების სტატისტიკა
700 _aგელაშვილი, სიმონ
_95080
700 _a მინდორაშვილი, მაია
_eრედაქტორი
_95085
942 _cBK
_2udc